| Tag |
First Indicator |
Second Indicator |
Subfields |
| LEADER |
00000cam a2200000 a 4500 |
| 001 |
in00000782819 |
| 005 |
20151017063156.0 |
| 008 |
860613s1986 onca 00011 eng d |
| 020 |
|
|
|a 0553153994 (pbk.) :
|c $2.25
|
| 035 |
|
|
|a (OCoLC)13728273
|
| 035 |
|
|
|9 ADN1159AM
|
| 040 |
|
|
|a MDB
|c MDB
|d m/c
|d TXA
|d UtOrBLW
|
| 049 |
1 |
|
|a TXA1 [SCIF]
|
| 090 |
|
|
|a PZ7.S2577
|b At 1986
|
| 100 |
1 |
|
|a Saunders, Susan.
|
| 245 |
1 |
0 |
|a Attack of the monster plants /
|c Susan Saunders ; illustrated by Leslie Morrill.
|
| 264 |
|
1 |
|a Toronto ;
|a New York :
|b Bantam,
|c [1986]
|
| 264 |
|
4 |
|c ©1986
|
| 300 |
|
|
|a 52 pages :
|b illustrations ;
|c 20 cm.
|
| 336 |
|
|
|a text
|b txt
|2 rdacontent
|
| 337 |
|
|
|a unmediated
|b n
|2 rdamedia
|
| 338 |
|
|
|a volume
|b nc
|2 rdacarrier
|
| 490 |
1 |
|
|a Choose your own adventure ;
|v 34
|
| 500 |
|
|
|a "An Edward Packard Book."
|
| 500 |
|
|
|a "A Bantam Skylark Book."
|
| 650 |
|
0 |
|a Plot-your-own stories.
|
| 700 |
1 |
|
|a Morrill, Leslie H.,
|e illustrator.
|
| 830 |
|
0 |
|a Choose your own adventure ;
|v 34.
|
| 999 |
|
|
|a MARS
|
| 999 |
f |
f |
|s 69c60fab-8390-3ef8-8410-2335d49c42da
|i b6de8309-4456-32a4-9465-a8eaaa16d9d3
|t 0
|
| 952 |
f |
f |
|p noncirc
|a Texas A&M University
|b College Station
|c Cushing Memorial Library & Archives
|d Cushing: Science Fiction (Does not check out)
|t 0
|e PZ7.S2577 At 1986
|h Library of Congress classification
|i unmediated -- volume
|
| 998 |
f |
f |
|a PZ7.S2577 At 1986
|t 0
|l Cushing: Science Fiction (Does not check out)
|